000 00715cam a22002293a 4500
001 42632
003 PGUSA
005 20140828083951.0
008 130503s2013||||xxu|||||s|||||000 | eng d
040 _aPGUSA
_beng
042 _adc
100 1 _aGibbon, Edward,
_d1737-1794
245 1 0 _aPrivate letters of Edward Gibbon (1753-1794) Volume 2 (of 2)
_h[electronic resource] /
_cEdward Gibbon
260 _bProject Gutenberg,
_c2013
506 _aPublic domain in the USA.
516 _aElectronic text
700 1 _aHolroyd, Henry North
_q(Earl of Sheffield)
700 1 _aProthero, Baron Rowland Edmund
830 0 _aProject Gutenberg
_v42632
856 4 0 _uhttp://www.gutenberg.org/ebooks/42632
942 _cEB
999 _c271884
_d271884